|
|
|
|
| LEADER |
00000nab a2200000 a 4500 |
| 001 |
vtls000548718 |
| 003 |
SK-MaSNL |
| 005 |
20260304094842.0 |
| 008 |
250425c1995 xo 0 slo |
| 015 |
|
|
|a SNBRB19rr/mm-uuuuu
|
| 035 |
|
|
|a CL0548856
|
| 035 |
|
|
|a urn:nbn:sk:snk-abf6ih
|
| 035 |
|
|
|a (urnnbn)urn:nbn:sk:snk:ar-00027w
|
| 035 |
|
|
|a (uuid)aa2f17a4-b7b1-40ac-90e0-937b2dd142d7
|
| 040 |
|
|
|a SNKBUCL
|b slo
|c SNKBUCL
|e AACR2
|
| 041 |
0 |
|
|a slo
|
| 044 |
|
|
|a xo
|c SK
|
| 080 |
|
|
|a 82.09:885.4-3(048)
|2 1981
|
| 080 |
|
|
|a 885.4-3(048)
|2 1981
|
| 100 |
1 |
|
|a Hamada, Milan,
|d 1933-2023
|4 aut
|9 222212
|
| 245 |
1 |
0 |
|a Ivan Popovič: Utešiteľ žien
|c Milan Hamada
|
| 500 |
|
|
|a V rubrike Konfrontácie
|
| 650 |
0 |
7 |
|a romány spoločenské
|2 snkbucl
|9 402806
|
| 655 |
|
7 |
|a články z novín a časopisov
|2 snkbucl
|9 267496
|
| 773 |
0 |
|
|t Romboid
|g Roč. 30, č. 3 (1995), s. 41-42
|x 0231-6714
|
| 787 |
0 |
8 |
|i Rec.:
|a Popovič, Ivan
|t Utešiteľ žien
|d Bratislava : Slovenský spisovateľ, 1994
|
| 850 |
|
|
|a Slovenská národná knižnica
|
| 852 |
|
|
|a Slovenská národná knižnica
|
| 958 |
|
|
|a article23
|
| 958 |
|
|
|a OND
|
| 958 |
|
|
|a RK
|
| 958 |
|
|
|a LX
|
| 958 |
|
|
|a SK
|
| 958 |
|
|
|a EUIPO
|
| 992 |
|
|
|a RBX
|
| 999 |
|
|
|c 2829293
|d 2831223
|